Post-Harvest Technology of Fish and Fish Products / (Record no. 49970)

MARC details
000 -LEADER
fixed length control field 00678nam a22002177a 4500
003 - CONTROL NUMBER IDENTIFIER
control field OSt
008 - FIXED-LENGTH DATA ELEMENTS--GENERAL INFORMATION
fixed length control field 260324b |||||||| |||| 00| 0 eng d
020 ## - INTERNATIONAL STANDARD BOOK NUMBER
International Standard Book Number 9788170352372
082 ## - DEWEY DECIMAL CLASSIFICATION NUMBER
Classification number 664.9497
Item number B17P
100 ## - MAIN ENTRY--PERSONAL NAME
Personal name Balachandran, K. K.
245 ## - TITLE STATEMENT
Title Post-Harvest Technology of Fish and Fish Products /
Statement of responsibility, etc. by K. K. Balachandran
260 ## - PUBLICATION, DISTRIBUTION, ETC. (IMPRINT)
Place of publication, distribution, etc .- New Delhi
Name of publisher, distributor, etc : Daya Publishing House
Date of publication, distribution, etc , 2025
300 ## - PHYSICAL DESCRIPTION
Extent ix,440p.
650 ## - SUBJECT ADDED ENTRY--TOPICAL TERM
Topical term or geographic name as entry element Technology (Applied Sciences)
650 ## - SUBJECT ADDED ENTRY--TOPICAL TERM
Topical term or geographic name as entry element Chemical Engineering and Related Technologies
650 ## - SUBJECT ADDED ENTRY--TOPICAL TERM
Topical term or geographic name as entry element Fish and Fish Products
650 ## - SUBJECT ADDED ENTRY--TOPICAL TERM
Topical term or geographic name as entry element Fishery Products
650 ## - SUBJECT ADDED ENTRY--TOPICAL TERM
Topical term or geographic name as entry element Fishery Processing
650 ## - SUBJECT ADDED ENTRY--TOPICAL TERM
Topical term or geographic name as entry element Postharvest Technology
942 ## - ADDED ENTRY ELEMENTS (KOHA)
Source of classification or shelving scheme
Koha item type Books
Holdings
Withdrawn status Lost status Source of classification or shelving scheme Damaged status Not for loan Home library Current library Date acquired Source of acquisition Cost, normal purchase price Full call number Barcode Date last seen Bill Date Koha item type Bill Number
          Dr. Rajendra Prasad Central Agricultural University Pusa, College of Fishries - Dholi 24/03/2026 Faith, New Delhi 2995.00 664.9497 B17P 88167 24/03/2026 02/02/2026 Books FE/9/2025-26
Hosted, Implemented, Customized & Maintained by: BestBookBuddies

Powered by Koha